| 000 | 00614nam a22002297a 4500 | ||
|---|---|---|---|
| 003 | UA-OsUOA | ||
| 001 | 78714 | ||
| 007 | ta | ||
| 008 | 20111018b un ||||| |||| 00| 0 ukr d | ||
| 100 | _aКронин А. | ||
| 090 |
_a821.161.(410) _bК83 |
||
| 942 | _cBK | ||
| 040 |
_aUA-OsUOA _brus _cUA-OsUOA _dUA-OsUOA |
||
| 245 |
_aЗвезды смотрят вниз _bроман |
||
| 300 | _a647 с. | ||
| 955 | _a3 | ||
| 041 | _arus | ||
| 080 | _a821.161.(410) | ||
| 260 |
_aДонецк _bДонбас _c1982 |
||
| 650 | 7 |
_a82 Література. Літературознавство _2UDC |
|
| 999 |
_c365035 _d365035 |
||